000 01638cab a2200517 4500
001 ABS47836
008 090401t1993 xxu||||| |||| 00| 0 eng d
035 _a(Sirsi) u63595
041 _aeng
100 _aFowler, D.
245 _aGreen gauge
260 _c1993
350 _a0
490 _aNew Civil Engineer
_v(1026) 21 January 1993, 16-26 (8)
520 _aA series of articles on environmental themes: the environmental consultant`s role and expanding market; methods of cleaning contaminated land, such as groundwater flushing or bioremediation; environmental impact assessments for road building; special excavation and demolition equipment to reduce noise and dust; controlling abandoned coal mines.
650 _aBIOREMEDIATION
650 _aBS 7750
650 _aCOAL PITS
650 _aCONTAMINATED LAND
650 _aDEMOLITION
650 _aDUST
650 _aEC DIRECTIVES
650 _aENVIRONMENTAL CONSULTANTS
650 _aENVIRONMENTAL IMPACT ASSESSMENTS
650 _aEQUIPMENT
650 _aEXCAVATION
650 _aFLOODING
650 _aGROUNDWATER FLUSHING
650 _aLAND REMEDIATION
650 _aLANDFILL
650 _aMARKET
650 _aMINES
650 _aNOISE
650 _aPROPERTY-INFRASTRUCTURE-TRANSPORT INFRASTRUCTURE-ROAD INFRASTRUCTURE
650 _aSOIL WASHING
650 _aWORKLOAD
690 _aENVIRONMENTAL AND LAND CONSULTANCY
690 _aLAND
690 _aPLANNING LAW AND PRACTICE
700 _aRussell, H.
700 _aBolton, A.
700 _aByles, R.
700 _aHayward, D.
942 _n0
948 _c04/03/1997
999 _c39534
_d39534